Political boundaries and coexistence : proceedings of the IGU-Symposium, Basel/ Switzerland, 24-27 May 1994

Αποθηκεύτηκε σε:
Λεπτομέρειες βιβλιογραφικής εγγραφής
Συγγραφή απο Οργανισμό/Αρχή: IGU-Symposium : Basel, Switzerland
Άλλοι συγγραφείς: Gallusser, Werner A. (Επιμελητής έκδοσης)
Μορφή: Πρακτικό Συνεδρίου Βιβλίο
Γλώσσα:English
Δημοσίευση: Berne : Peter Lang, 1994
Θέματα:
Ετικέτες: Προσθήκη ετικέτας
Δεν υπάρχουν, Καταχωρήστε ετικέτα πρώτοι!

MARC

LEADER 00000nam a2200000 i 4500
001 1/69348
008 981102s1994 eng d
020 |a 3-906753-24-7 
035 |l 10030360 
040 |a GR-MY-UA  |b gre  |e aacr 
041 0 |a eng 
082 0 |a 320.12 
111 2 |a IGU-Symposium  |d (1994  |c : Basel, Switzerland) 
245 1 0 |a Political boundaries and coexistence :  |b proceedings of the IGU-Symposium, Basel/ Switzerland, 24-27 May 1994 /  |c Edited by Werner A. Gallusser in collaboration with Matthias Burgin and Walter Leimgruber 
260 |a Berne :   |b Peter Lang,   |c 1994 
300 |a 449 p. 
650 0 0 |a Boundaries  |x Congresses. 
700 1 |a Gallusser, Werner A.  |4 edt 
852 |a INST  |b LESVOS  |e 19981102  |h 320.12 POL  |p 005100016425  |q 005100016425  |t BK  |y 4  |x 20200115 
909 |a Λ  |b 059953 
922 |a 1ΕΛΗ  |b 199810  |c ΚΠΣ/118  |d ΠΑΠΑΣΩΤΗΡΙΟΥ 
950 |a 118-1998-07-18